Rājā Bikaramāñjīta dīāṃ kahāṇīāṃ, (Record no. 56171)

MARC details
000 -LEADER
fixed length control field 00754cam a22002531 4500
001 - CONTROL NUMBER
control field sa 64000369
003 - CONTROL NUMBER IDENTIFIER
control field DLC
005 - DATE AND TIME OF LATEST TRANSACTION
control field 20260227111955.0
008 - FIXED-LENGTH DATA ELEMENTS--GENERAL INFORMATION
fixed length control field 890802s1962 ii 000 0 pano
010 ## - LIBRARY OF CONGRESS CONTROL NUMBER
LC control number sa 64000369
025 ## - OVERSEAS ACQUISITION NUMBER
Overseas acquisition number PL480:I-Pu-252
035 ## - SYSTEM CONTROL NUMBER
System control number (OCoLC)20116500
040 ## - CATALOGING SOURCE
Original cataloging agency DLC
Transcribing agency WaU
Modifying agency NSyU
-- DLC
042 ## - AUTHENTICATION CODE
Authentication code premarc
043 ## - GEOGRAPHIC AREA CODE
Geographic area code a-ii---
050 00 - LIBRARY OF CONGRESS CALL NUMBER
Classification number PK2659.P68
Item number R3
100 1# - MAIN ENTRY--PERSONAL NAME
Personal name Prabhākara, Madana.
245 10 - TITLE STATEMENT
Title Rājā Bikaramāñjīta dīāṃ kahāṇīāṃ,
Statement of responsibility, etc. lekhaka Madana Prabhākara.
250 ## - EDITION STATEMENT
Edition statement [Pahilī wāra.]
260 ## - PUBLICATION, DISTRIBUTION, ETC.
Place of publication, distribution, etc. Ammritasara,
Name of publisher, distributor, etc. Bhāī Mehara Siṅgha Surindara Siṅgha
Date of publication, distribution, etc. [1962]
300 ## - PHYSICAL DESCRIPTION
Extent 95 p.
Dimensions 19 cm.
500 ## - GENERAL NOTE
General note In Panjabi.
600 00 - SUBJECT ADDED ENTRY--PERSONAL NAME
Personal name Vikramāditya Śakāri,
Titles and other words associated with a name King of Ujjain
Form subdivision Fiction.

No items available.

Powered by Koha